| 000 | 00348nam a22001217a 4500 | ||
|---|---|---|---|
| 082 | _a220 PRO | ||
| 100 |
_aABDULLAH,FAHD,SULEMAN _972208 |
||
| 245 | _aPR-SOF-1142-DESIGN AND FABRICATION OF CONCENTRIC PARABOLIC COLLECTOR | ||
| 260 |
_aISLAMABAD _bNUST COLLEGE OF EME |
||
| 650 |
_a DE-MECH-30 _972209 |
||
| 700 |
_aAHMED SOHAIL _919076 |
||
| 942 | _cCR | ||
| 999 |
_c578347 _d578347 |
||